000 01207nam a2200229Ia 4500
999 _c44989
_d44989
001 11810
003 GE_BSU
005 20240628123924.0
008 181216s2013||||ge |||||||||||||| ||geo||
040 _cGE_BSU
041 _ageo
080 _a341.981.8+341.64(4)+347 ა-26
245 _aადამიანის უფლებათა ევროპული სასამართლოს გადაწყვეტილებები.
264 _aთბილისი :
_bგაეროს სახლი,
_c2013.
300 _a95 გვ. ;
_c30 სმ.
500 _aგაეროს ბავშვთა ფონდი.პუბლიკაცია იბეჭდება ნიდერლანდების საგარეო საქმეთა სამინისტროს ფინანსური მხარდაჭერით
520 _a
546 _aქართული თარგმნანი
653 _aადამიანის უფლებათა ევროპული სასამართლოს გადაწყვეტილებები.
653 _aსამართალი
942 _cBK
_2udc